[Event "Nuremberg Zabo op 15th"]
[Site "Nuremberg"]
[Date "2013.09.22"]
[Round "4"]
[White "Mantel, Hans"]
[Black "Phenn, Jan Niklas"]
[Result "0-1"]
[WhiteElo "1297"]
[BlackElo "1546"]
[PlyCount "64"]
[EventDate "2013.09.20"]
[EventType "swiss"]
[EventRounds "5"]
[EventCountry "GER"]
[SourceTitle "EXT 2016"]
[Source "ChessBase"]
[SourceDate "2015.10.08"]
[SourceVersion "1"]
[SourceVersionDate "2015.10.08"]
[SourceQuality "1"]

1. e4 e6 2. d4 d5 3. exd5 exd5 4. Bd3 Nc6 5. Nf3 Bg4 6. c3 Nf6 7. Bg5 Be7 8. Nbd2 Qd7 9. 0-0 0-0-0 10. b4 h6 11. Bxf6 gxf6 12. a4 Rdg8 13. a5 Bh3 14. Ne1 Rg7 15. Kh1 Bg4 16. Qb3 Rhg8 17. b5 Nb8 18. b6 cxb6 19. axb6 a6 20. c4 Be6 21. Qc2 Nc6 22. cxd5 Bxd5 23. Bf5 Be6 24. Be4 Kb8 25. Bxc6 Qxc6 26. Qxc6 bxc6 27. Rxa6 Bb4 28. Ndf3 Bc4 29. Ra4 Bxf1 30. Rxb4 Bxg2+ 31. Nxg2 Rxg2 32. Rb2 Kb7 0-1

[Event "Nuremberg Zabo op 15th"]
[Site "Nuremberg"]
[Date "2013.09.22"]
[Round "5"]
[White "Phenn, Jan Niklas"]
[Black "Boehme, Andre"]
[Result "0-1"]
[WhiteElo "1546"]
[BlackElo "1787"]
[PlyCount "56"]
[EventDate "2013.09.20"]
[EventType "swiss"]
[EventRounds "5"]
[EventCountry "GER"]
[SourceTitle "EXT 2016"]
[Source "ChessBase"]
[SourceDate "2015.10.08"]
[SourceVersion "1"]
[SourceVersionDate "2015.10.08"]
[SourceQuality "1"]

1. d4 g6 2. c4 Bg7 3. Nc3 d6 4. e4 Nc6 5. Be3 e5 6. d5 Nce7 7. Bd3 f5 8. exf5 Nxf5 9. Bxf5 Bxf5 10. g4 Bd7 11. h4 Nf6 12. f3 0-0 13. Nge2 e4 14. g5 exf3 15. gxf6 fxe2 16. Qxe2 Qxf6 17. 0-0-0 Rae8 18. Qd2 Qf3 19. Rde1 a6 20. a3 Qg4 21. Reg1 Qxc4 22. h5 Bf5 23. hxg6 Bxg6 24. Bh6 Bxh6 25. Rxh6 Rf1+ 26. Rxf1 Qxf1+ 27. Nd1 Qf5 28. Nc3 Re1+ 0-1

[Event "Sachsen-ch U14"]
[Site "Sebnitz"]
[Date "2013.04.03"]
[Round "2"]
[White "Essler, Oskar"]
[Black "Phenn, Jan Niklas"]
[Result "1-0"]
[WhiteElo "1673"]
[BlackElo "1644"]
[PlyCount "103"]
[EventDate "2013.04.02"]
[EventType "swiss"]
[EventRounds "7"]
[EventCountry "GER"]
[SourceTitle "EXT 2014"]
[Source "ChessBase"]
[SourceDate "2013.11.20"]
[SourceVersion "1"]
[SourceVersionDate "2013.11.20"]
[SourceQuality "1"]

1. e4 e6 2. d4 d5 3. Nc3 dxe4 4. Nxe4 Bd7 5. Nf3 Bc6 6. Bd3 Nd7 7. c3 Ngf6 8. Qe2 Be7 9. 0-0 0-0 10. Rd1 Nxe4 11. Bxe4 Bxe4 12. Qxe4 c6 13. Bf4 Nf6 14. Qc2 Bd6 15. Be5 h6 16. Rd3 Qe7 17. Nd2 Nd5 18. Rg3 Bxe5 19. dxe5 Nf4 20. Ne4 Ng6 21. f4 Kh8 22. Rf1 Rad8 23. Nd6 Rd7 24. Nxf7+ Rxf7 25. Rxg6 Qc5+ 26. Kh1 Qc4 27. Qb1 Rd2 28. b3 Qe2 29. Re1 Rfd7 30. Rxe2 Rxe2 31. Rxe6 Kg8 32. Re8+ Kf7 33. e6+ Rxe6 34. Rxe6 Kxe6 35. Qe4+ Kf7 36. h3 Re7 37. Qf5+ Ke8 38. g4 Re1+ 39. Kg2 Re2+ 40. Kf3 Re7 41. h4 a6 42. g5 hxg5 43. hxg5 Kd8 44. Kg4 Rd7 45. Qe5 Kc8 46. f5 Rd1 47. Qxg7 Rg1+ 48. Kh5 Rh1+ 49. Kg6 Rd1 50. f6 Rd6 51. Qf8+ Kc7 52. Qxd6+ 1-0

[Event "Nuremberg Zabo op 14th"]
[Site "Nuremberg"]
[Date "2012.09.15"]
[Round "2.55"]
[White "Grueninger, Maxim"]
[Black "Phenn, Jan Niklas"]
[Result "0-1"]
[WhiteElo "1052"]
[BlackElo "1671"]
[PlyCount "124"]
[EventDate "2012.09.14"]
[EventType "swiss"]
[EventRounds "5"]
[EventCountry "GER"]
[SourceTitle "EXT 2022"]
[Source "ChessBase"]
[SourceDate "2021.10.06"]
[SourceVersion "1"]
[SourceVersionDate "2021.10.06"]
[SourceQuality "1"]

1. e4 e5 2. Nf3 Nf6 3. Nxe5 d6 4. Nf3 Nxe4 5. Qe2 Qe7 6. d4 d5 7. Nc3 Nxc3 8. Qxe7+ Bxe7 9. bxc3 Nc6 10. Bb5 0-0 11. 0-0 Be6 12. Bg5 Bxg5 13. Nxg5 Bf5 14. Bd3 Bxd3 15. cxd3 Rfe8 16. Rfe1 Re7 17. Rab1 Rae8 18. Rxe7 Rxe7 19. h3 b6 20. Kf1 f6 21. Nf3 Kf7 22. g4 h6 23. h4 Kg6 24. Re1 Rxe1+ 25. Kxe1 Nd8 26. Kd2 Ne6 27. h5+ Kf7 28. Nh4 c5 29. Ke3 cxd4+ 30. cxd4 Nc7 31. Kd2 Nb5 32. Nf5 g6 33. hxg6+ Kxg6 34. f3 Nc7 35. Kc3 Kg5 36. Kd2 h5 37. Ne3 h4 38. Nd1 h3 39. Nf2 h2 40. Ke2 Ne6 41. Kf1 Nxd4 42. Kg2 b5 43. Nd1 Nxf3 44. Nc3 Ne1+ 45. Kxh2 Nxd3 46. Nxb5 a5 47. Kg3 Nb4 48. a3 Nc2 49. a4 d4 50. Nd6 Ne3 51. Kf3 Nxg4 52. Ke4 Ne3 53. Kxd4 Nf5+ 54. Nxf5 Kxf5 55. Kd3 Ke5 56. Ke3 Kd5 57. Kf4 Kc4 58. Kf5 Kb4 59. Kxf6 Kxa4 60. Ke5 Kb3 61. Kd4 a4 62. Kd3 a3 0-1

[Event "Nuremberg Zabo op 14th"]
[Site "Nuremberg"]
[Date "2012.09.15"]
[Round "3"]
[White "Phenn, Jan Niklas"]
[Black "Siegl, Melina"]
[Result "1/2-1/2"]
[WhiteElo "1671"]
[BlackElo "1754"]
[PlyCount "120"]
[EventDate "2012.09.14"]
[EventType "swiss"]
[EventRounds "5"]
[EventCountry "GER"]
[SourceTitle "EXT 2018"]
[Source "ChessBase"]
[SourceDate "2017.10.13"]
[SourceVersion "1"]
[SourceVersionDate "2017.10.13"]
[SourceQuality "1"]

1. d4 f5 2. Bf4 d6 3. e3 g6 4. h4 Nf6 5. h5 Rg8 6. hxg6 hxg6 7. Nf3 e6 8. Nc3 Nc6 9. Bd3 Qe7 10. e4 e5 11. dxe5 dxe5 12. Bg5 Bg7 13. Qe2 Bd7 14. Nd5 Qe6 15. Nxf6+ Bxf6 16. Bxf6 Qxf6 17. 0-0-0 0-0-0 18. Kb1 Rge8 19. Qe3 Kb8 20. Qg5 Qf7 21. a3 Be6 22. Kc1 Rd6 23. Rh6 Bc4 24. Qe3 Red8 25. exf5 Qxf5 26. Rd2 Bxd3 27. Rxd3 Rxd3 28. cxd3 b6 29. Kc2 Nd4+ 30. Nxd4 exd4 31. Qf3 Qxf3 32. gxf3 Rf8 33. Rxg6 Rxf3 34. Rg2 Kb7 35. Kd2 a5 36. Ke2 Rf5 37. f3 Ka6 38. Rf2 Kb5 39. Kd2 Rf4 40. Kc1 c5 41. b3 a4 42. Kb2 Ka5 43. Kc2 b5 44. Kb2 b4 45. Ka2 Kb5 46. Kb2 axb3 47. Kxb3 bxa3 48. Kxa3 c4 49. Kb2 cxd3 50. Kc1 Kc4 51. Kd2 Rf5 52. Rf1 Ra5 53. Rc1+ Kd5 54. Kxd3 Ra3+ 55. Ke2 Rb3 56. Kf2 Ra3 57. Ke2 Ke5 58. Rd1 Ra4 59. Kf2 Kf4 60. Rd3 Ra2+ 1/2-1/2

[Event "Nuremberg Zabo op 14th"]
[Site "Nuremberg"]
[Date "2012.09.14"]
[Round "1.25"]
[White "Phenn, Jan Niklas"]
[Black "Schmitz, Tim"]
[Result "0-1"]
[WhiteElo "1671"]
[BlackElo "1906"]
[PlyCount "36"]
[EventDate "2012.09.14"]
[EventType "swiss"]
[EventRounds "5"]
[EventCountry "GER"]
[SourceTitle "EXT 2022"]
[Source "ChessBase"]
[SourceDate "2021.10.06"]
[SourceVersion "1"]
[SourceVersionDate "2021.10.06"]
[SourceQuality "1"]

1. d4 Nf6 2. c4 g6 3. Nc3 Bg7 4. e4 d6 5. f3 0-0 6. Be3 Nc6 7. Nge2 a6 8. g4 Rb8 9. Qd2 b5 10. b3 bxc4 11. bxc4 Na5 12. Ng3 c5 13. dxc5 dxc5 14. Qxd8 Rxd8 15. Rb1 Nd7 16. Bd2 Bxc3 17. Rxb8 Bxd2+ 18. Kxd2 Nxb8+ 0-1

[Event "Arber op 1st"]
[Site "Bayerisch Eisenstein"]
[Date "2012.08.23"]
[Round "6"]
[White "Phenn, Jan Niklas"]
[Black "Buchaeckert, Juergen"]
[Result "1/2-1/2"]
[WhiteElo "1664"]
[BlackElo "1807"]
[PlyCount "46"]
[EventDate "2012.08.18"]
[EventType "swiss"]
[EventRounds "9"]
[EventCountry "GER"]
[SourceTitle "CBM 150 Extra"]
[Source "ChessBase"]
[SourceDate "2012.10.19"]
[SourceVersion "1"]
[SourceVersionDate "2012.10.19"]
[SourceQuality "1"]

1. d4 Nf6 2. c4 g6 3. Nc3 d5 4. cxd5 Nxd5 5. e4 Nxc3 6. bxc3 Bg7 7. Bc4 c5 8. Ne2 Nc6 9. Be3 0-0 10. 0-0 Bg4 11. f3 Na5 12. Bxf7+ Rxf7 13. fxg4 Rxf1+ 14. Kxf1 cxd4 15. cxd4 e5 16. d5 Nc4 17. Bf2 Qf6 18. Kg1 Rf8 19. Bc5 Rc8 20. Bf2 Bh6 21. Qd3 b5 22. Bxa7 Qa6 23. Bf2 Rf8 1/2-1/2

[Event "Sachsen-ch U12"]
[Site "Sebnitz"]
[Date "2012.04.14"]
[Round "7"]
[White "Phenn, Jan Niklas"]
[Black "Zieschank, Leon"]
[Result "1-0"]
[WhiteElo "1492"]
[BlackElo "1286"]
[PlyCount "49"]
[EventDate "2012.04.10"]
[EventType "swiss"]
[EventRounds "7"]
[EventCountry "GER"]
[SourceTitle "CBM 148 Extra"]
[Source "ChessBase"]
[SourceDate "2012.06.22"]
[SourceVersion "1"]
[SourceVersionDate "2012.06.22"]
[SourceQuality "1"]

1. d4 d5 2. c4 c6 3. e3 Bf5 4. Nc3 Nf6 5. Qb3 b6 6. cxd5 Nxd5 7. Nxd5 cxd5 8. Bb5+ Nd7 9. Qxd5 Be6 10. Bxd7+ Bxd7 11. Nf3 e6 12. Qb3 Qe7 13. Bd2 f6 14. 0-0 Qf7 15. Rac1 Qg6 16. Qc2 Qf7 17. Qc7 Bb5 18. Qxf7+ Kxf7 19. Rc7+ Ke8 20. Rfc1 Kd8 21. e4 Rg8 22. e5 fxe5 23. Bg5+ Ke8 24. Nxe5 h6 25. Rc8+ 1-0

[Event "Sachsen-ch U12"]
[Site "Sebnitz"]
[Date "2011.04.29"]
[Round "6"]
[White "Phenn, Jan Niklas"]
[Black "Caprita, Victor"]
[Result "1/2-1/2"]
[WhiteElo "1404"]
[BlackElo "1323"]
[PlyCount "143"]
[EventDate "2011.04.26"]
[EventType "swiss"]
[EventRounds "7"]
[EventCountry "GER"]
[SourceTitle "EXT 2012"]
[Source "ChessBase"]
[SourceDate "2011.11.24"]
[SourceVersion "1"]
[SourceVersionDate "2011.11.24"]
[SourceQuality "1"]

1. d4 d5 2. c4 e6 3. Nc3 c6 4. Nf3 Nf6 5. Bg5 h6 6. Bh4 Be7 7. e3 Nbd7 8. Qc2 0-0 9. Bd3 c5 10. 0-0 Nb6 11. Bxf6 Bxf6 12. cxd5 cxd4 13. exd4 exd5 14. Rad1 Be6 15. Rfe1 Rc8 16. Qd2 a6 17. Rc1 Qd7 18. Rc2 Rfe8 19. h3 Qd6 20. Rec1 Nc4 21. Bxc4 dxc4 22. Ne4 Qe7 23. Nxf6+ Qxf6 24. Rc3 Red8 25. Qe3 b5 26. a3 a5 27. R3c2 Re8 28. Qe5 Qxe5 29. Nxe5 Bf5 30. Rd2 Rcd8 31. g4 Rxe5 32. gxf5 Rxf5 33. Rcd1 Rg5+ 34. Kh2 Rgd5 35. Kg3 g5 36. Kf3 f5 37. Ke3 b4 38. axb4 axb4 39. Rc2 Rc8 40. Rdc1 Re8+ 41. Kf3 Rxd4 42. Rxc4 Rxc4 43. Rxc4 Rb8 44. Kg3 Rb5 45. f4 Kf7 46. Rc7+ Ke8 47. Rc6 Rd5 48. fxg5 hxg5 49. Rg6 Rd3+ 50. Kg2 Kf7 51. Rxg5 Kf6 52. Rg8 Rd2+ 53. Kg3 Rxb2 54. Rf8+ Ke5 55. Re8+ Kd4 56. Rd8+ Kc3 57. Rc8+ Kd2 58. Rd8+ Kc1 59. Rc8+ Rc2 60. Rb8 Rc4 61. h4 f4+ 62. Kf3 Kc2 63. h5 b3 64. h6 Rc7 65. Kxf4 b2 66. Kg5 b1Q 67. Rxb1 Kxb1 68. Kg6 Kc2 69. h7 Rc8 70. Kg7 Kd3 71. h8Q Rxh8 72. Kxh8 1/2-1/2

[Event "Sachsen-ch U12"]
[Site "Sebnitz"]
[Date "2011.04.27"]
[Round "3"]
[White "Koch, Erik"]
[Black "Phenn, Jan Niklas"]
[Result "1/2-1/2"]
[WhiteElo "1148"]
[BlackElo "1404"]
[PlyCount "90"]
[EventDate "2011.04.26"]
[EventType "swiss"]
[EventRounds "7"]
[EventCountry "GER"]
[SourceTitle "EXT 2012"]
[Source "ChessBase"]
[SourceDate "2011.11.24"]
[SourceVersion "1"]
[SourceVersionDate "2011.11.24"]
[SourceQuality "1"]

1. e4 e5 2. Nf3 Nf6 3. Nxe5 d6 4. Nf3 Nxe4 5. Bb5+ c6 6. Bd3 Nf6 7. 0-0 Be7 8. b3 0-0 9. Bb2 d5 10. Re1 Bg4 11. h3 Bh5 12. Qe2 Bd6 13. Qd1 Nbd7 14. Nc3 Qc7 15. Be2 Rfe8 16. Kh1 Re7 17. Nd4 Bxe2 18. Ncxe2 Bc5 19. a3 Rae8 20. b4 Bxd4 21. Bxd4 b6 22. Be3 c5 23. c3 Qc6 24. Rc1 Qb7 25. d4 c4 26. Qd2 Ne4 27. Qb2 b5 28. Ra1 Nb6 29. Nf4 Na4 30. Qc2 Nexc3 31. Bd2 Ne4 32. Re2 Nb6 33. Kg1 Qd7 34. Rae1 Nxd2 35. Qxd2 h6 36. Nh5 Kf8 37. Rxe7 Rxe7 38. Rxe7 Qxe7 39. Qf4 Qd7 40. Qb8+ Nc8 41. Nf4 c3 42. Nd3 f6 43. Nc5 Qc6 44. Nb3 Kf7 45. g3 c2 1/2-1/2

[Event "GER-ch U10"]
[Site "Willingen"]
[Date "2009.06.05"]
[Round "10"]
[White "Boes, Julian"]
[Black "Phenn, Jan Niklas"]
[Result "1/2-1/2"]
[WhiteElo "1186"]
[BlackElo "1172"]
[PlyCount "58"]
[EventDate "2009.05.30"]
[EventType "swiss"]
[EventRounds "11"]
[EventCountry "GER"]
[SourceTitle "EXT 2010"]
[Source "ChessBase"]
[SourceDate "2010.11.25"]
[SourceVersion "1"]
[SourceVersionDate "2010.11.25"]
[SourceQuality "1"]

1. e4 e5 2. Nf3 Nf6 3. Nc3 Nc6 4. d4 d6 5. Bb5 Bd7 6. Bxc6 Bxc6 7. d5 Bd7 8. 0-0 Be7 9. Bg5 0-0 10. h3 h6 11. Bh4 Nh7 12. Bxe7 Qxe7 13. Qd2 Qf6 14. Kh1 Qg6 15. Rfe1 Qh5 16. Qe3 Nf6 17. Kg1 Qg6 18. Nh2 a6 19. Rad1 Rad8 20. Rd3 Nh5 21. Ne2 Bb5 22. Rb3 Bxe2 23. Qxe2 Nf4 24. Qf3 Rb8 25. Qg3 Qf6 26. c4 b6 27. Nf3 Rfc8 28. Nh4 Nh5 29. Qg4 Nf4 1/2-1/2

[Event "GER-ch U10"]
[Site "Willingen"]
[Date "2009.06.02"]
[Round "5"]
[White "Phenn, Jan Niklas"]
[Black "Waechter, Nathalie"]
[Result "1-0"]
[WhiteElo "1172"]
[BlackElo "804"]
[PlyCount "55"]
[EventDate "2009.05.30"]
[EventType "swiss"]
[EventRounds "11"]
[EventCountry "GER"]
[SourceTitle "EXT 2010"]
[Source "ChessBase"]
[SourceDate "2010.11.25"]
[SourceVersion "1"]
[SourceVersionDate "2010.11.25"]
[SourceQuality "1"]

1. d4 d5 2. c4 e6 3. Nc3 Nf6 4. Bg5 Be7 5. Nf3 Nbd7 6. e3 0-0 7. Bd3 Re8 8. 0-0 c6 9. Re1 Qc7 10. e4 Ng4 11. Bxe7 Rxe7 12. e5 c5 13. cxd5 exd5 14. Nxd5 Qd8 15. Nxe7+ Qxe7 16. Bc4 Rb8 17. h3 Nh6 18. Rc1 b5 19. Bd5 Bb7 20. Bxb7 Rxb7 21. dxc5 Nxc5 22. Qd5 Nd7 23. Qxb7 g6 24. Rc7 Qb4 25. Rc8+ Nf8 26. e6 Qxb2 27. e7 Nf5 28. exf8Q# 1-0

[Event "GER-ch U10"]
[Site "Willingen"]
[Date "2009.06.01"]
[Round "3"]
[White "Phenn, Jan Niklas"]
[Black "Kollars, Dmitrij"]
[Result "0-1"]
[WhiteElo "1172"]
[BlackElo "1465"]
[PlyCount "60"]
[EventDate "2009.05.30"]
[EventType "swiss"]
[EventRounds "11"]
[EventCountry "GER"]
[SourceTitle "EXT 2010"]
[Source "ChessBase"]
[SourceDate "2010.11.25"]
[SourceVersion "1"]
[SourceVersionDate "2010.11.25"]
[SourceQuality "1"]

1. d4 Nf6 2. c4 g6 3. Nc3 Bg7 4. e4 d6 5. f3 Nbd7 6. Be3 0-0 7. Nge2 e5 8. d5 Ne8 9. g4 Nb6 10. Ng3 f5 11. gxf5 gxf5 12. exf5 Bxf5 13. Nxf5 Rxf5 14. Bd3 Rf7 15. h4 Nf6 16. Qc2 Qf8 17. Ke2 Kh8 18. Rag1 Bh6 19. Bxh6 Qxh6 20. Ne4 Nxe4 21. Bxe4 Rf4 22. Rg4 Rxg4 23. fxg4 Rf8 24. h5 Qf4 25. Bd3 Qf3+ 26. Kd2 Qxh1 27. Kc3 Qe1+ 28. Kb3 Rf3 29. Qc3 Qxc3+ 30. Kxc3 e4 0-1

[Event "GER-ch U10"]
[Site "Willingen"]
[Date "2009.05.31"]
[Round "2"]
[White "Schmitt, Marco"]
[Black "Phenn, Jan Niklas"]
[Result "0-1"]
[WhiteElo "993"]
[BlackElo "1172"]
[PlyCount "84"]
[EventDate "2009.05.30"]
[EventType "swiss"]
[EventRounds "11"]
[EventCountry "GER"]
[SourceTitle "EXT 2010"]
[Source "ChessBase"]
[SourceDate "2010.11.25"]
[SourceVersion "1"]
[SourceVersionDate "2010.11.25"]
[SourceQuality "1"]

1. e4 e5 2. Nf3 Nf6 3. Bc4 Nxe4 4. Nxe5 d5 5. Bd3 Nf6 6. Nc3 Nbd7 7. Nxd7 Bxd7 8. Bb5 Bxb5 9. Nxb5 a6 10. Nc3 Bd6 11. d3 0-0 12. Bg5 Re8+ 13. Kf1 h6 14. Bh4 Be7 15. Bxf6 Bxf6 16. Qf3 c6 17. Re1 Rxe1+ 18. Kxe1 Qe7+ 19. Qe3 Bxc3+ 20. bxc3 Qxe3+ 21. fxe3 Re8 22. Ke2 Kh7 23. Rf1 Kg6 24. c4 d4 25. Rf3 Rxe3+ 26. Rxe3 dxe3 27. Kxe3 Kf5 28. d4 g5 29. d5 cxd5 30. cxd5 Ke5 31. c4 Kd6 32. Kd4 b6 33. a4 a5 34. g3 g4 35. h4 gxh3 36. Ke4 h2 37. Kf5 h1Q 38. Kf6 Qf3+ 39. Kg7 Ke7 40. g4 Qf6+ 41. Kh7 Kf8 42. d6 Qg7# 0-1